000 00545nam a2200193Ia 4500
999 _c53079
_d53079
003 GCL
005 20240530105105.0
008 140319s9999 xx 000 0 ara d
040 _aGCL /
_cGCL
082 0 4 _a020
_bا م
100 1 _aاحمد انور
245 1 0 _aمصادر المعلومات فى المكتبات /
_cاحمد انور
260 _a[S.N] :
_bالمكتبة الاكاديمية ،
_c1990
300 _a198
650 0 4 _aالفهرس
650 0 4 _aالاستخلاص
650 0 4 _aالمكتبات
942 _2ddc
_cBK